Statistics for How many Britney Spears songs can you name?

Click here to take the quiz!

General Stats

  • This quiz has been taken 279 times
  • The average score is 3 of 10

Answer Stats

clueactual answer% Correct
chemicaltoxic
92%
uh ohoops i did it again
52%
exercisework bitch
45%
cuteboys
39%
mean boyswomanizer
33%
blowingbreathe on me
24%
rocki love rock and roll
18%
touch mehit me baby one more time
15%
blown awayoverprotected
9%
poorslave for you
8%

Score Distribution

Percentile by Number Answered

Percent of People with Each Score

Your Score History

You have not taken this quiz